[Event "TUR-chT 2nd League"]
[Site "Konya"]
[Date "2019.07.28"]
[Round "9.7"]
[White "Goker, Abdulkadir"]
[Black "Yagli, Serhat Orkun"]
[Result "1-0"]
[WhiteElo "1707"]
[BlackElo "1139"]
[PlyCount "71"]
[EventDate "2019.07.22"]
[EventType "team-swiss"]
[EventRounds "9"]
[EventCountry "TUR"]
[SourceTitle "CBM 191 Extra"]
[Source "ChessBase"]
[SourceDate "2019.09.30"]
[SourceVersion "1"]
[SourceVersionDate "2019.09.30"]
[SourceQuality "1"]
[WhiteTeam "Cesme Belediye"]
[BlackTeam "Eskiseh Tasci"]
[WhiteTeamCountry "TUR"]
[BlackTeamCountry "TUR"]

1. Nf3 Nf6 2. g3 g6 3. b3 Bg7 4. Bb2 d6 5. d4 c6 6. Bg2 Qc7 7. 0-0 0-0 8. c4 e5 9. dxe5 dxe5 10. Bxe5 Qa5 11. Bc3 Qd8 12. Qc1 Re8 13. e3 Ne4 14. Bxg7 Kxg7 15. Nc3 Bf5 16. Nd4 Qa5 17. Nxf5+ gxf5 18. Nxe4 fxe4 19. Qb2+ Qe5 20. Qc2 Na6 21. a3 Nc5 22. Rad1 f5 23. Rd2 Rad8 24. Rfd1 Rxd2 25. Rxd2 Qa1+ 26. Bf1 Qxa3 27. Qc3+ Kf7 28. Rd6 Ne6 29. Qe5 Qc5 30. Rd7+ Re7 31. Rxe7+ Qxe7 32. Qxf5+ Kg7 33. Qxe4 Qd6 34. Bh3 Nc5 35. b4 Nb3 36. c5 1-0

[Event "TUR-chT 2nd League"]
[Site "Konya"]
[Date "2019.07.25"]
[Round "6.13"]
[White "Izi, Ekrem"]
[Black "Goker, Abdulkadir"]
[Result "0-1"]
[WhiteElo "1605"]
[BlackElo "1707"]
[PlyCount "98"]
[EventDate "2019.07.22"]
[EventType "team-swiss"]
[EventRounds "9"]
[EventCountry "TUR"]
[SourceTitle "CBM 191 Extra"]
[Source "ChessBase"]
[SourceDate "2019.09.30"]
[SourceVersion "1"]
[SourceVersionDate "2019.09.30"]
[SourceQuality "1"]
[WhiteTeam "Seviye Dernegi"]
[BlackTeam "Cesme Belediye"]
[WhiteTeamCountry "TUR"]
[BlackTeamCountry "TUR"]

1. e4 c5 2. Nf3 e6 3. d4 cxd4 4. Nxd4 a6 5. Bc4 Qc7 6. Bb3 Nf6 7. Qe2 d6 8. 0-0 Be7 9. Nc3 0-0 10. h3 Nc6 11. Nxc6 Qxc6 12. Bf4 b5 13. a3 Bb7 14. f3 Rfd8 15. Rfe1 Rd7 16. Rad1 Rad8 17. Bg5 h6 18. Bf4 Nh5 19. Bh2 Bg5 20. Qf2 Bf6 21. Rd3 Qc5 22. Qxc5 dxc5 23. e5 Rxd3 24. cxd3 Bh4 25. Rd1 Ng3 26. f4 Nf5 27. Rd2 c4 28. Bc2 Ne3 29. Bb1 Be1 30. Re2 Bxc3 31. bxc3 Nxg2 32. d4 Nh4 33. Be4 Bxe4 34. Rxe4 Nf3+ 35. Kg2 Nxh2 36. Kxh2 Kf8 37. Re2 Ke7 38. Rb2 Kd7 39. a4 Kc6 40. axb5+ axb5 41. Kg3 Ra8 42. Kf3 Ra3 43. Rc2 Kd5 44. h4 b4 45. Ke2 Rxc3 46. Ra2 Ra3 47. Rd2 b3 48. f5 Ra2 49. fxe6 fxe6 0-1

[Event "TUR-chT 2nd League"]
[Site "Konya"]
[Date "2019.07.22"]
[Round "1.14"]
[White "Goker, Abdulkadir"]
[Black "Yilmaz, Cumhur"]
[Result "0-1"]
[WhiteElo "1707"]
[BlackElo "1684"]
[PlyCount "84"]
[EventDate "2019.07.22"]
[EventType "team-swiss"]
[EventRounds "9"]
[EventCountry "TUR"]
[SourceTitle "CBM 191 Extra"]
[Source "ChessBase"]
[SourceDate "2019.09.30"]
[SourceVersion "1"]
[SourceVersionDate "2019.09.30"]
[SourceQuality "1"]
[WhiteTeam "Cesme Belediye"]
[BlackTeam "Altin Hamle Corum"]
[WhiteTeamCountry "TUR"]
[BlackTeamCountry "TUR"]

1. d4 d5 2. Nf3 Nf6 3. Bf4 e6 4. e3 Nh5 5. Bg3 Nxg3 6. hxg3 c5 7. Nbd2 Qb6 8. Rb1 Nc6 9. c3 Bd7 10. Bd3 h6 11. 0-0 Bd6 12. dxc5 Bxc5 13. e4 dxe4 14. Nxe4 Be7 15. Qe2 Qc7 16. Rfe1 Ne5 17. Bc2 Nxf3+ 18. Qxf3 Bc6 19. Rbd1 0-0 20. Qd3 Rfd8 21. Qe3 Qa5 22. a4 Rxd1 23. Rxd1 Rd8 24. b4 Rxd1+ 25. Bxd1 Qd5 26. Bf3 Qa2 27. a5 a6 28. Qd4 Bd5 29. Kh2 Qc2 30. Qe3 f5 31. Nd2 Bg5 32. Qc5 Qxd2 33. Bh5 Bc6 34. Qe5 Qd5 35. Qb8+ Qd8 36. Qe5 Bd5 37. Bf3 Bf6 38. Qe3 Qd6 39. Be2 Qe5 40. c4 Qxe3 41. fxe3 Bc6 42. b5 Bd7 0-1

[Event "TUR-chT2"]
[Site "Konya"]
[Date "2017.07.13"]
[Round "7.10"]
[White "Kelpetin, Umut Can"]
[Black "Goker, Abdulkadir"]
[Result "1-0"]
[WhiteElo "1790"]
[BlackElo "1704"]
[PlyCount "61"]
[EventDate "2017.07.09"]
[EventType "team-swiss"]
[EventRounds "9"]
[EventCountry "TUR"]
[SourceTitle "CBM 179 Extra"]
[Source "ChessBase"]
[SourceDate "2017.08.23"]
[SourceVersion "1"]
[SourceVersionDate "2017.08.23"]
[SourceQuality "1"]
[WhiteTeam "Dobruca"]
[BlackTeam "Genclik Siirt"]
[WhiteTeamCountry "TUR"]
[BlackTeamCountry "TUR"]

1. e4 e6 2. d4 d5 3. Nc3 Nf6 4. Bg5 dxe4 5. Nxe4 Be7 6. Bxf6 Bxf6 7. Nf3 Nd7 8. Bd3 0-0 9. c3 b6 10. Qe2 Bb7 11. 0-0-0 Qe7 12. g4 g6 13. h4 c5 14. h5 cxd4 15. cxd4 Rfc8+ 16. Kb1 Bg7 17. hxg6 hxg6 18. g5 Qb4 19. Rh4 Bd5 20. Ne5 Qa4 21. b3 Bxb3 22. Rdh1 Rc2 23. Qxc2 Bxc2+ 24. Bxc2 Qb5+ 25. Bb3 Nxe5 26. Nf6+ Kf8 27. dxe5 Ke7 28. Rh7 Bxf6 29. gxf6+ Kd7 30. Rxf7+ Kc6 31. Rc1+ 1-0

[Event "TUR-chT2"]
[Site "Konya"]
[Date "2017.07.10"]
[Round "2.8"]
[White "Goker, Abdulkadir"]
[Black "Akin, Batikan Aybey"]
[Result "1-0"]
[WhiteElo "1704"]
[BlackElo "1520"]
[PlyCount "64"]
[EventDate "2017.07.09"]
[EventType "team-swiss"]
[EventRounds "9"]
[EventCountry "TUR"]
[SourceTitle "CBM 179 Extra"]
[Source "ChessBase"]
[SourceDate "2017.08.23"]
[SourceVersion "1"]
[SourceVersionDate "2017.08.23"]
[SourceQuality "1"]
[WhiteTeam "Genclik Siirt"]
[BlackTeam "Koycegiz Su Sporlari"]
[WhiteTeamCountry "TUR"]
[BlackTeamCountry "TUR"]

1. e4 d6 2. d4 Nf6 3. Nc3 g6 4. Bg5 Bg7 5. Qe2 0-0 6. 0-0-0 c6 7. e5 dxe5 8. dxe5 Nd5 9. Nxd5 cxd5 10. Qd2 Bxe5 11. Qxd5 Qc7 12. Nf3 Bg4 13. Qxe5 Qxe5 14. Nxe5 Bxd1 15. Bc4 e6 16. Rxd1 f6 17. Bh6 Re8 18. Bxe6+ Kh8 19. Nf7+ Kg8 20. Ng5+ Kh8 21. Bf7 Nc6 22. Ne6 Rg8 23. Bxg8 Kxg8 24. Nd4 Ne5 25. Bf4 Kf7 26. Bxe5 fxe5 27. Nf3 Kf6 28. Rd7 h5 29. Rxb7 g5 30. Nd2 Kf5 31. Rf7+ Kg6 32. Re7 Kf6 1-0

[Event "Izmir op 15th"]
[Site "Izmir"]
[Date "2016.09.10"]
[Round "8"]
[White "Gunduz, Umut Erdem"]
[Black "Goker, Abdulkadir"]
[Result "1-0"]
[WhiteElo "2109"]
[BlackElo "1700"]
[PlyCount "35"]
[EventDate "2016.09.05"]
[EventType "swiss"]
[EventRounds "9"]
[EventCountry "TUR"]
[SourceTitle "CBM 174 Extra"]
[Source "ChessBase"]
[SourceDate "2016.10.10"]
[SourceVersion "1"]
[SourceVersionDate "2016.10.10"]
[SourceQuality "1"]

1. e4 c5 2. Nf3 d6 3. d4 Nf6 4. Nc3 cxd4 5. Nxd4 a6 6. Bg5 Nbd7 7. Bc4 Qc7 8. Bb3 b5 9. 0-0 Bb7 10. Re1 e6 11. Qe2 Nc5 12. Nd5 exd5 13. exd5+ Kd7 14. Bxf6 gxf6 15. Nc6 Bxc6 16. dxc6+ Qxc6 17. Qh5 Re8 18. Rxe8 1-0

[Event "TUR-chT2"]
[Site "Konya"]
[Date "2016.07.21"]
[Round "8.4"]
[White "Bulgurlu, Okan"]
[Black "Goker, Abdulkadir"]
[Result "1-0"]
[WhiteElo "1984"]
[BlackElo "1699"]
[PlyCount "74"]
[EventDate "2016.07.17"]
[EventType "team-swiss"]
[EventRounds "9"]
[EventCountry "TUR"]
[SourceTitle "CBM 173 Extra"]
[Source "ChessBase"]
[SourceDate "2016.08.29"]
[SourceVersion "1"]
[SourceVersionDate "2016.08.29"]
[SourceQuality "1"]
[WhiteTeam "Denizli Pamukkale Uni"]
[BlackTeam "Izmir Rota Koleji"]
[WhiteTeamCountry "TUR"]
[BlackTeamCountry "TUR"]

1. e4 c5 2. Nf3 d6 3. d4 cxd4 4. Nxd4 Nf6 5. Nc3 a6 6. Be3 e6 7. g4 b5 8. g5 Nfd7 9. a3 Qc7 10. h4 Nc6 11. Nxc6 Qxc6 12. Qd4 Ne5 13. 0-0-0 Bb7 14. Bf4 Qc7 15. Rh3 Be7 16. a4 0-0 17. Bxe5 dxe5 18. Qd7 Rfc8 19. Qxc7 Rxc7 20. axb5 axb5 21. Bxb5 Bb4 22. Rhd3 g6 23. f3 Bc5 24. Rd8+ Rxd8 25. Rxd8+ Kg7 26. Nd1 Bg1 27. Kd2 Bh2 28. Nf2 Rc8 29. Rd7 Ba8 30. Ng4 Bg3 31. Kd3 Bxh4 32. Nxe5 Rf8 33. f4 Kg8 34. Bc4 Bg3 35. Ke3 Be1 36. c3 Rb8 37. Nxf7 Rxb2 1-0